|
|
|
|
| LEADER |
00000nam0a2200000 4500 |
| 001 |
107733 |
| 005 |
20231101214743.0 |
| 010 |
|
|
|a 5895940846
|
| 035 |
|
|
|a (RuTPU)RU\TPU\book\116299
|
| 090 |
|
|
|a 107733
|
| 100 |
|
|
|a 20061228d2003 km y0rusy50 ca
|
| 101 |
0 |
|
|a rus
|
| 102 |
|
|
|a RU
|
| 105 |
|
|
|a a z 001zy
|
| 200 |
1 |
|
|a Экономика предприятий обработки цветных металлов
|f Ю. Н. Райков
|
| 210 |
|
|
|a Москва
|c Интермет Инжиниринг
|d 2003
|
| 215 |
|
|
|a 336 с.
|c ил.
|
| 320 |
|
|
|a Библиогр.: с. 276-283.
|
| 330 |
|
|
|a Приведены результаты анализа экономического и технического состояния ведущих российских заводов обработки тяжелых цветных металлов и перспектив их развития. Дана оценка экономических и финансовых последствий перехода заводов по обработке цветных металлов к рыночной экономике. Освещены вопросы российского и зарубежного рынков проката тяжелых цветных металлов, динамики цен на сырье и прокат из меди и ее сплавов. Оценена сравнительная эффективность современных технологических процессов обработки металлов давлением и представлена методика оценки эффективности переработки исходного сырья в продукцию высшей технической готовности. Показаны стадии разработки и реализации инвестиционных проектов и примеры технико-экономических расчетов. Рассмотрены основные фонды предприятий по обработке цветных металлов и конкурентоспособность отечественной продукции. На основе анализа перспектив потребления проката из меди и ее сплавов рассмотрены возможные варианты увеличения объемов производства и улучшения качества продукции. Предложены перспективные направления реконструкции и модернизации российских заводов. Для широкого круга специалистов, производственных и коммерческих структур. Может быть полезна преподавателям и студентам металлургических вузов.
|
| 606 |
1 |
|
|a Цветная металлургическая промышленность
|x Предприятия
|x Экономика
|2 stltpush
|3 (RuTPU)RU\TPU\subj\17741
|9 43312
|
| 610 |
1 |
|
|a цветная металлургия
|
| 610 |
1 |
|
|a цветные металлы
|
| 610 |
1 |
|
|a обработка
|
| 610 |
1 |
|
|a СССР
|
| 610 |
1 |
|
|a тяжелые металлы
|
| 610 |
1 |
|
|a прокат
|
| 610 |
1 |
|
|a Россия
|
| 610 |
1 |
|
|a рыночная экономика
|
| 610 |
1 |
|
|a финансовые последствия
|
| 610 |
1 |
|
|a экономические последствия
|
| 610 |
1 |
|
|a зарубежные рынки
|
| 610 |
1 |
|
|a российские рынки
|
| 610 |
1 |
|
|a медный прокат
|
| 610 |
1 |
|
|a импорт
|
| 610 |
1 |
|
|a экспорт
|
| 610 |
1 |
|
|a трубы
|
| 610 |
1 |
|
|a проволока
|
| 610 |
1 |
|
|a катанка
|
| 610 |
1 |
|
|a плоский прокат
|
| 610 |
1 |
|
|a цены
|
| 610 |
1 |
|
|a технико-экономическая эффективность
|
| 610 |
1 |
|
|a инвестиционные проекты
|
| 610 |
1 |
|
|a коммерческая эффективность
|
| 610 |
1 |
|
|a перспективы
|
| 675 |
|
|
|a 669.2:658
|v 3
|
| 700 |
|
1 |
|a Райков
|b Ю. Н.
|g Юрий Николаевич
|
| 801 |
|
1 |
|a RU
|b 63413507
|c 20061228
|g PSBO
|
| 801 |
|
2 |
|a RU
|b 63413507
|c 20150317
|g PSBO
|
| 942 |
|
|
|c BK
|
| 959 |
|
|
|a 116/20061226
|d 1
|e 420,00
|f ЧЗТЛ:1
|